La colección de esmaltes en el Museo Nacional de Historia del Castillo de Chapultepec (Record no. 3617)

MARC details
000 -CABECERA
campo de control de longitud fija 00922nam a2200241 a 4500
001 - NÚMERO DE CONTROL
campo de control BRCA_3889
005 - FECHA Y HORA DE LA ÚLTIMA TRANSACCIÓN
campo de control 20190320204449.0
008 - DATOS DE LONGITUD FIJA--INFORMACIÓN GENERAL
campo de control de longitud fija 291209s1980----mx-#######---#000-0#spa-#
041 ## - CÓDIGO DE LENGUA
Código de lengua del texto/banda sonora o título independiente spa
044 ## - CÓDIGO DEL PAÍS DE LA ENTIDAD EDITORA/PRODUCTORA
Código MARC del país mx
050 #4 - SIGNATURA TOPOGRÁFICA DE LA BIBLIOTECA DEL CONGRESO
Número de clasificación F1221
Número de documento/Ítem .T67 1980
100 1# - ENTRADA PRINCIPAL--NOMBRE DE PERSONA
Nombre de persona Torre Comps, Paz de la
9 (RLIN) 10118
245 10 - MENCIÓN DE TÍTULO
Título La colección de esmaltes en el Museo Nacional de Historia del Castillo de Chapultepec
Resto del título clasificación y análisis.
260 ## - PUBLICACIÓN, DISTRIBUCIÓN, ETC.
Lugar de publicación, distribución, etc. Ciudad de México
Fecha de publicación, distribución, etc. 1980
300 ## - DESCRIPCIÓN FÍSICA
Extensión 1 v. (en varias paginaciones)
Dimensiones 25 cm.
500 ## - NOTA GENERAL
Nota general Se cuenta con las copias originales en un sobre, ubicado en el interior de la tesis
502 ## - NOTA DE TESIS
Nota de tesis Tesis Licenciatura (Licenciado en Historia del Arte) Universidad Iberoamericana
504 ## - NOTA DE BIBLIOGRAFÍA, ETC.
Nota de bibliografía, etc. Bibliografía: p. [47-53]
610 24 - PUNTO DE ACCESO ADICIONAL DE MATERIA--NOMBRE DE ENTIDAD CORPORATIVA
Nombre de entidad corporativa o nombre de jurisdicción como elemento de entrada Museo Nacional de Historia del Castillo de Chapultepec (Ciudad de México)
9 (RLIN) 10119
650 14 - PUNTO DE ACCESO ADICIONAL DE MATERIA--TÉRMINO DE MATERIA
Término de materia o nombre geográfico como elemento de entrada Esmaltes
Subdivisión geográfica México
9 (RLIN) 4862
902 ## - CATALOGADOR
Iniciales TES
942 ## - ELEMENTOS DE PUNTO DE ACCESO ADICIONAL (KOHA)
Fuente del sistema de clasificación o colocación Library of Congress Classification
Tipo de ítem Koha Tesis
Holdings
Estado de retiro Estado de pérdida Estado dañado No para préstamo Localización permanente Ubicación/localización actual Fecha de adquisición Total de préstamos Signatura topográfica completa Código de barras Fecha visto por última vez Precio válido a partir de Tipo de ítem Koha
El ejemplar forma parte de la colección y puede ser consultado según las políticas vigentes.       Biblioteca del Museo Franz Mayer (Rogerio Casas-Alatriste) Biblioteca del Museo Franz Mayer (Rogerio Casas-Alatriste) 29/12/2009   F1221 .T67 1980 TES00011 22/03/2019 22/03/2019 Tesis